000 00570nam a2200205Ia 4500
003 OSt
005 20221222160939.0
008 210210b1993 xxu||||| |||| 00| 0 eng d
040 _cAL
041 _aEnglish
082 _a820.9 COMH
100 _aCOMPTON-RICKETT (Arthur)
_967647
245 _aHistory of English literature from earliest times to 1916
260 _aN D
_bU B S Publishers & Distributors Ltde
_c1993
300 _axi,702
650 _aHistory English Literature
_967648
690 _aEnglish Literature
_967649
906 _a048269
942 _2ddc
_cBK
999 _c97438
_d97438